00693nam a2200253 a 4500001001300000003000900013005001700022008004100039020001000080082002200090100001400112245002900126260002800155300000900183500003500192505001000227650002600237650001800263700001400281902000800295942000700303952011400310999001500424nice12345678IN_TiNIC20260116011529.0050524s1963 lona grp 000 0 eng  ac10000a323.39710954bAZI aAziz, K K aBritain and Muslim India aLondonbHeinemannc1963 a278p aincludes index and biblioraphy2 aIndex aBritish-India Muslims aMuslims-India1 aAziz, K K bSRS cBK 00104070aHMIbHMId2007-04-09g100.00l1o323.39710954 AZIp02565r2022-02-07s2022-01-27w2026-01-16yEB c2353d2353